000 01110nam0a22002771 4500
001 RU\INFOCOMM_327\NLR\5000014929
005 20250614080044.0
035 _a(NLR Aleph) 010591672
090 _a10504855
_c10504855
100 _a20121213d1932 |||y0rusy50 ca
101 0 _agre
102 _aRU
105 _ay z||||
200 1 _aˆ...‰ Nei machitades
_eErgatiko biblio gia tin kinoniologia, fisiognosia kepolitechniko kopo
_e2 chronos didaskalias
_eMetáphrasi Grigoriadi Th.
_fKretkovskagia, N., Kretkobski, M., ke Tryfanoba, A.
210 _aRostob-Don
_c"Komunistis"
_d1932
215 _a248 с.
_cил.
_d23 см
300 _aНа обороте тит. л.: Кретковская, Н., Кретковский, М. и Труфанова, А. Юные ударники
300 _aТит. л. и текст на греч. яз.
620 _aРостов на Дону
700 1 _9z01790
_aKretkovskaja
_bN. M.
_gNina Michajlovna
790 1 _9z01700
_aKretkovskagia
_bN.
_4070
801 1 _aRU
_bNLR
_c20121213
801 0 _aRU
_bINFOCOMM
_gPSBO
852 _aNLR
_jЕ-4/344
942 _cBOOK
980 _aNB